[Event "FRA-chT3 0405"]
[Site "France"]
[Date "2005.02.06"]
[Round "6"]
[White "Batard, David"]
[Black "Crahan, Gwendal"]
[Result "1-0"]
[WhiteElo "2019"]
[BlackElo "1770"]
[PlyCount "31"]
[EventDate "2004.10.10"]
[EventType "team"]
[EventRounds "9"]
[EventCountry "FRA"]
[SourceTitle "EXT 2007"]
[Source "ChessBase"]
[SourceDate "2006.11.23"]
[SourceVersion "1"]
[SourceVersionDate "2006.11.23"]
[SourceQuality "1"]

1. d4 d5 2. c4 e6 3. Nf3 Nf6 4. Nc3 Bb4 5. e3 0-0 6. Bd3 dxc4 7. Bxc4 Ne4 8. Qc2 Nf6 9. 0-0 a6 10. e4 b5 11. Bd3 e5 12. dxe5 Ng4 13. h3 Nxe5 14. Nxe5 Bxh3 15. gxh3 Qh4 16. Qe2 1-0

[Event "FRA-chT4 0304"]
[Site "Bretagne"]
[Date "2003.11.16"]
[Round "2"]
[White "Blanchard, Jody"]
[Black "Crahan, Gwendal"]
[Result "1-0"]
[WhiteElo "1780"]
[BlackElo "1660"]
[PlyCount "71"]
[EventDate "2003.10.12"]
[EventType "team"]
[EventRounds "9"]
[EventCountry "FRA"]
[SourceTitle "EXT 2005"]
[Source "ChessBase"]
[SourceDate "2004.11.15"]
[SourceVersion "1"]
[SourceVersionDate "2004.11.15"]
[SourceQuality "1"]

1. d4 Nf6 2. c4 g6 3. Nc3 Bg7 4. e4 d6 5. Nf3 0-0 6. Be2 c5 7. 0-0 cxd4 8. Nxd4 Nc6 9. Nf3 a6 10. Qc2 Rb8 11. Rd1 Qc7 12. Bf4 Nh5 13. Nd5 Qa5 14. Be3 Nb4 15. Nxe7+ Kh8 16. Qd2 Nc6 17. Qxd6 Be6 18. Nxc6 bxc6 19. Bd4 Nf6 20. Qxc6 Rfc8 21. Qd6 Nxe4 22. Bxg7+ Kxg7 23. Qd4+ Nf6 24. b3 Qf5 25. Nd2 Kg8 26. Bd3 Rd8 27. Qxd8+ Rxd8 28. Bxf5 Bxf5 29. Nf3 Re8 30. Re1 Rd8 31. Rad1 Rxd1 32. Rxd1 Bg4 33. c5 Bxf3 34. gxf3 Kf8 35. c6 Ne8 36. Rd7 1-0